|
|
|
|
| LEADER |
00000naa0a2200000 4500 |
| 001 |
646225 |
| 005 |
20250604135259.0 |
| 035 |
|
|
|a (RuTPU)RU\TPU\network\11359
|
| 090 |
|
|
|a 646225
|
| 100 |
|
|
|a 20160217d2013 k||y0rusy50 ca
|
| 101 |
0 |
|
|a rus
|
| 102 |
|
|
|a RU
|
| 135 |
|
|
|a drcn ---uucaa
|
| 181 |
|
0 |
|a i
|
| 182 |
|
0 |
|a b
|
| 200 |
1 |
|
|a Исследование взаимодействия импульсного электронного пучка с растворами солей
|f Л. Р. Меринова, Л. Н. Шиян, С. В. Ротарь
|
| 203 |
|
|
|a Текст
|c электронный
|
| 300 |
|
|
|a Заглавие с экрана
|
| 320 |
|
|
|a [Библиогр.: с. 338 (1 назв.)]
|
| 463 |
|
|
|t Проблемы теоретической и экспериментальной химии
|o тезисы докладов XXIII Российской молодежной научной конференции, Екатеринбург, 23-26 апреля 2013 г.
|v [С. 336-338]
|d 2013
|
| 610 |
1 |
|
|a электронный ресурс
|
| 610 |
1 |
|
|a труды учёных ТПУ
|
| 700 |
|
1 |
|a Меринова
|b Л. Р.
|c физик
|c младший научный сотрудник Томского политехнического университета
|f 1981-
|g Лилия Рашидовна
|3 (RuTPU)RU\TPU\pers\28105
|9 13063
|
| 701 |
|
1 |
|a Шиян
|b Л. Н.
|c химик
|c доцент Томского политехнического университета, кандидат физико-математических наук
|f 1952-
|g Людмила Николаевна
|3 (RuTPU)RU\TPU\pers\25655
|
| 701 |
|
1 |
|a Ротарь
|b С. В.
|c специалист в области физики высоких технологий
|c техник Томского политехнического университета
|f 1990-
|g Сергей Владимирович
|3 (RuTPU)RU\TPU\pers\31199
|
| 801 |
|
2 |
|a RU
|b 63413507
|c 20160217
|g RCR
|
| 850 |
|
|
|a 63413507
|
| 856 |
4 |
|
|u http://hdl.handle.net/10995/27753
|
| 942 |
|
|
|c CF
|